100 Premiers Mots de Harry Potter et le Prince de sang-mêlé - Statistiques

Statistiques générales
  • Ce quiz a été pris 261 fois
  • Le résultat moyen est 38 sur 100
Statistiques - réponses
Mot % Correct
le
96%
de
91%
à
89%
la
88%
Il
84%
il
84%
et
82%
les
77%
se
74%
un
74%
du
67%
était
67%
sa
63%
ce
61%
en
58%
son
55%
dans
50%
ne
49%
pour
49%
avait
46%
sur
38%
Ministre,
37%
on
36%
plus
35%
Premier
34%
bureau,
33%
près
33%
si
33%
minuit
31%
lui
29%
sans
24%
assis
22%
quel
22%
qu'il
21%
attendait
19%
long
18%
tête
18%
dont
17%
coup
16%
moment
16%
seul
16%
allait
15%
d'un
14%
semaine,
14%
téléphone
14%
demandant
13%
lisait
13%
lisait,
13%
mots
13%
président
13%
pays
12%
rapport
12%
autre
11%
cela
11%
enfin
11%
lointain
11%
passer,
11%
venait
11%
chose.
10%
longue
10%
personnage
10%
beau
9%
moindre
9%
satané
9%
ajoutait
8%
concentrer
8%
difficile,
8%
l'appeler ;
8%
place
8%
sens.
8%
traversaient
8%
épuisante
7%
essayer
7%
l'esprit
7%
parvienne
7%
restait
7%
saisir
7%
page
6%
songer
6%
guère
5%
Aucun quiz correspondant
Distribution des résultats
% des personnes avec chaque résultat
Percentile par nombre de réponses
Votre historique - résultats
Vous n’avez pas pris ce quiz